00745nam a2200253 a 4500001001300000003000900013005001700022008004100039020002300080082001300103100001500116245005000131260003500181300000900216500003500225505001800260650001000278650002700288700001500315902000800330942000700338952012900345999001700474nice12345678IN_TiNIC20260116014335.0090407s2008 dela grp 000 0 eng  a8189973614 c62000a121bADA aAdams, C W aIn Search of Truthb Faith and Modern Science aDelhi bReadworthy Pub. c2008 a297p aincludes index and biblioraphy2 abiblio, index aFaith aPhilosophy and Science1 aAdams, C W bSRS cBK 001040708StackRoom-aHMIbHMId2009-04-07g620.00l1m1o121 ADAp022754r2019-11-14s2019-10-28v620.00w2009-04-07yBK c14891d14891